| 000 | 00996nam a22002657a 4500 | ||
|---|---|---|---|
| 005 | 20110608114128.0 | ||
| 008 | 110608t xxu||||| |||| 00| 0 eng d | ||
| 010 | _aENG-102574 | ||
| 020 |
_a9789380502472 _c280.00 |
||
| 035 | _aEN-86107 | ||
| 037 | _bDBAD / PUB | ||
| 040 |
_adpl _bEnglish |
||
| 082 | _a621.31924 | ||
| 100 |
_aJohri, Hari Mohan _928493 |
||
| 245 |
_aElectrical installations in building / _cby Hari Mohan Johri |
||
| 250 | _a2nd ed | ||
| 260 |
_aNew Delhi _bKW Publishers _c2011 |
||
| 270 |
_a4676/21, First Floor, Ansari Road, Daryaganj _bNew Delhi _e110002 _k91.11.23263498/43528107 |
||
| 300 |
_aV.2(viii, 189) p. : _c24cm (pbk) _bill. |
||
| 650 |
_928496 _aElectric wiring, Interior. |
||
| 650 |
_aBuildings, Prefabricated. _928525 |
||
| 700 | _928520 | ||
| 942 |
_2ddc _cEN _h621.31924 _mJOH |
||
| 999 |
_c52798 _d52798 |
||